000 00609nam a22001937a 4500
005 20170420165136.0
010 _aENG-117792
020 _a9788170495062
_c795.00
035 _aEN-101324
037 _bDBAD/PUB
082 _a363.2092
100 _aTripathy,A.B.
245 _aPolicing the nation :
_cby S.L.Gulati
_bdiaries of a country cousin /
260 _aNew Delhi
_bManas Publications
_c2015
270 _a4402/5-A,Ansari road, (opp.HDFC Bank),Darya Ganj
_bNew Delhi
_e110002
300 v _a415p.:
_c21cm (Hb)
_bill.
500 _aincluded index
942 _2ddc
_cEN
_mTRI
_h363.2092
999 _c139134
_d139134